000 00669nam a22002297a 4500
005 20251108174530.0
008 250721s2006 xx 000 0 ara d
020 _a9957115731
082 1 4 _a005.133/حلب
100 1 _aالحلبي، يحيى صبري
_eمؤلف
245 1 0 _aفيجوال بيسك 6 /
246 1 1 _aVisual Basic 6
250 _aط3.
264 1 _aعمان :
_bدار وائل للنشر و التوزيع،
_c2006.
300 _a416 ص.
650 1 7 _aالبرمجه
650 1 7 _aلغات البرمجه
650 1 7 _aالحواسيب
700 1 _aالزعبي، "محمد بلال"
_eمؤلف
942 _2ddc
_cBK
999 _c111568
_d111568